| Tag |
First Indicator |
Second Indicator |
Subfields |
| LEADER |
00000cas a2200000 a 4500 |
| 001 |
in00004038708 |
| 005 |
20190122121209.0 |
| 006 |
m o d |
| 007 |
cr ||||||||||| |
| 008 |
120610d18551874riumr poo 0 a0eng |
| 010 |
|
|
|a 2018203720
|
| 019 |
|
|
|a 686940739
|
| 022 |
0 |
|
|a 2639-9350
|2 1
|
| 035 |
|
|
|a (OCoLC)ocn795127739
|
| 035 |
|
|
|a (OCoLC)795127739
|z (OCoLC)686940739
|
| 037 |
|
|
|a 22573/cts9ht9c
|b JSTOR, 301 E. Liberty, Suite 250, Ann Arbor, MI 48104
|
| 040 |
|
|
|a OCLCE
|b eng
|c OCLCE
|d OCLCQ
|d OCLCF
|d OCLCO
|d OCLCQ
|d JSTOR
|d TXA
|d DLC
|d UtOrBLW
|
| 042 |
|
|
|a dlr
|a pcc
|a nsdp
|
| 043 |
|
|
|a n-us-ri
|
| 049 |
|
|
|a TXAM
|
| 050 |
|
4 |
|a LA358
|b .R5 Electronic
|
| 082 |
1 |
0 |
|a 370
|2 23
|
| 222 |
|
4 |
|a The R.I. schoolmaster
|b (Online)
|
| 245 |
0 |
4 |
|a The R.I. schoolmaster.
|
| 246 |
1 |
|
|a Rhode Island schoolmaster
|
| 246 |
1 |
|
|a RI schoolmaster
|
| 264 |
|
1 |
|a Providence :
|b Knowles, Anthony & Co.,
|c [1855-1874]
|
| 300 |
|
|
|a 1 online resource
|
| 310 |
|
|
|a Monthly
|
| 336 |
|
|
|a text
|b txt
|2 rdacontent
|
| 337 |
|
|
|a computer
|b c
|2 rdamedia
|
| 338 |
|
|
|a online resource
|b cr
|2 rdacarrier
|
| 362 |
1 |
|
|a Began with: Vol. 1, no. 1 (March 1855); ceased with: Vol. 20, no. 11/12 (November/December 1874).
|
| 506 |
|
|
|3 Use copy
|f Restrictions unspecified
|2 star
|5 MiAaHDL
|
| 533 |
|
|
|a Electronic reproduction.
|b [S.l.] :
|c HathiTrust Digital Library,
|d 2010.
|5 MiAaHDL
|
| 550 |
|
|
|a Published under the supervision of the Commissioner of Public Schools.
|
| 583 |
1 |
|
|a digitized
|c 2010
|h HathiTrust Digital Library
|l committed to preserve
|2 pda
|5 MiAaHDL
|
| 588 |
|
|
|a Description based on: Vol. 1, no. 1 (March 1855); title from PDF volume page (JSTOR, viewed October 25, 2018).
|
| 588 |
|
|
|a Latest issue consulted: Vol. 20, no. 11/12 (November/December 1874) (Hathitrust, viewed October 25, 2018).
|
| 500 |
|
|
|a Electronic resource.
|
| 650 |
|
0 |
|a Education
|v Periodicals.
|0 http://id.loc.gov/authorities/subjects/sh2008102639
|
| 650 |
|
7 |
|a Education.
|2 fast
|0 (OCoLC)fst00902499
|
| 655 |
|
7 |
|a Periodicals.
|2 fast
|0 (OCoLC)fst01411641
|
| 710 |
1 |
|
|a Rhode Island.
|b Commissioner of Public Schools,
|e issuing body.
|0 http://id.loc.gov/authorities/names/no2004074341
|
| 776 |
0 |
8 |
|i Print version:
|t R.I. schoolmaster
|x 2638-9177
|w (DLC) 2001236185
|w (OCoLC)7958853
|
| 948 |
|
|
|a cataloged
|b h
|c 2018/11/5
|d c
|e spoltoratski
|f 2:31:42 pm
|g NCF
|
| 994 |
|
|
|a C0
|b TXA
|
| 999 |
f |
f |
|s 643af354-cdac-36a8-9eda-f4c124dce7af
|i fb68eb22-929f-3f13-8ecb-44ddd6b9db79
|t 0
|
| 952 |
f |
f |
|a Texas A&M University
|b College Station
|c Electronic Resources
|d Available Online
|t 0
|e LA358 .R5
|g Electronic
|h Library of Congress classification
|
| 998 |
f |
f |
|a LA358 .R5
|t 0
|l Available Online
|